Most Valuable NBA Teams - Statistics

General Stats
  • This quiz has been taken 39 times
  • The average score is 7 of 8
Answer Stats
Value Team Name % Correct
$4.4 Billion Los Angeles Lakers
100%
$4.3 Billion Golden State Warriors
97%
$3.1 Billion Boston Celtics
94%
$4.6 Billion New York Knicks
91%
$3.2 Billion Chicago Bulls
78%
$2.6 Billion Los Angeles Clippers
75%
$2.475 Billion Houston Rockets
72%
$2.5 Billion Brooklyn Nets
66%
No matching quizzes found
Score Distribution
Percent of People with Each Score
Percentile by Number Answered
Your Score History
You have not taken this quiz